Les Maurice célèbres - Statistiques

Statistiques générales
  • Ce quiz a été pris 59 fois
  • Le résultat moyen est 5 sur 18
Statistiques - réponses
Par images Réponse % Correct
Maurice Chevalier
73%
Maurice Ravel
44%
Maurice Béjart
42%
Maurice Druon
35%
Maurice Pialat
35%
Maurice Herzog
33%
Saint Maurice d'Agaune
33%
Maurice Biraud
29%
Maurice Jarre
29%
Maurice Ronet
29%
Maurice André
23%
Maurice Garin
17%
Maurice Risch
15%
Maurice Barrès
13%
Maurice Barrier
8%
Maurice De Vlaminck
6%
Maurice Duplessis
2%
Maurice Pujo
0%
Aucun quiz correspondant
Distribution des résultats
% des personnes avec chaque résultat
Percentile par nombre de réponses
Votre historique - résultats
Vous n’avez pas pris ce quiz